000 00477nam a2200193Ia 4500
005 20260609140911.0
008 131103s9999 xx 000 0 und d
040 _aLoreto College
041 _aEnglish
082 _a842
_bHUG
100 _aHugo, Victor
245 _aHernani
_cVictor Hugo; edited by F.W.Odgers
260 _aLondon
_bBlackie and son
_c1917
300 _a116p.
650 _aFrench drama
700 _aOdgers, F.W; ed.
850 _aLCLIB
942 _cBK
999 _c24120
_d74599